কুর’আনের রত্ন / (Record no. 12917)
[ view plain ]
| 000 -LEADER | |
|---|---|
| fixed length control field | 00904nam a2200229 a 4500 |
| 001 - CONTROL NUMBER | |
| JCCL Control Number | 12917 |
| 003 - CONTROL NUMBER IDENTIFIER | |
| JCCL marc code | BD-JhCC |
| 005 - DATE AND TIME OF LATEST TRANSACTION | |
| control field | 20230604093805.0 |
| 008 - FIXED-LENGTH DATA ELEMENTS--GENERAL INFORMATION | |
| fixed length control field | 230604s2020 b |||| |||| 000 0 b d |
| 035 ## - SYSTEM CONTROL NUMBER | |
| system control number | (BD-JhCC)12917 |
| 040 ## - CATALOGING SOURCE | |
| Original cataloging agency | BD-JhCC |
| Modifying agency | BD-JhCC |
| 041 ## - LANGUAGE CODE | |
| Language code of Book | ben |
| 082 ## - DEWEY DECIMAL CLASSIFICATION NUMBER | |
| Classification number | 297.74 |
| Author mark and Year | KHA 2020 |
| 100 ## - MAIN ENTRY--PERSONAL NAME | |
| Personal name | খান, উস্তাদ নোমন আলী |
| 245 ## - TITLE STATEMENT | |
| Title | কুর’আনের রত্ন / |
| Statement of responsibility, etc | উস্তাদ নোমন আলী খান; নোমান আলী খান বাংলা টিম (অনু.) |
| 260 ## - PUBLICATION, DISTRIBUTION, ETC. (IMPRINT) | |
| Place of publication, distribution, etc | ঢাকা : |
| Name of publisher, distributor, etc | বুকিশ পাবলিশার্স, |
| Date of publication, distribution, etc | ২০২০ |
| 300 ## - PHYSICAL DESCRIPTION | |
| Pagination | ১৬৭ পৃ. : |
| Dimensions | ২১ সেমি. |
| 490 ## - SERIES STATEMENT | |
| Series statement | নোমান আলী খান সিরিজ - ৩ |
| 650 ## - SUBJECT ADDED ENTRY--TOPICAL TERM | |
| Topical term or geographic name as entry element | Dawa---Islam |
| 710 ## - ADDED ENTRY--CORPORATE NAME | |
| Corporate name or jurisdiction name as entry element | নোমান আলী খান বাংলা টিম |
| 942 ## - ADDED ENTRY ELEMENTS (KOHA) | |
| Source of classification or shelving scheme | Dewey Decimal Classification |
| Koha item type | Books |
| Source of classification or shelving scheme | Damaged status | Not for loan | Home library | Current library | Shelving location | Date of accession | Cost, normal purchase price | Total Checkouts | Full call number | Barcode | Date last seen | Date checked out | Copy number | Method of acquisition | Koha item type | Currency |
|---|---|---|---|---|---|---|---|---|---|---|---|---|---|---|---|---|
| Dewey Decimal Classification | JCC Rouf Library | JCC Rouf Library | General Stacks | 06/04/2023 | 108.00 | 3 | 297.74 KHA 2020 | 17662 | 11/20/2023 | 11/15/2023 | C-1 | Purchase | Books | BDT |